Los indios Witoto : (Registro nro. 68142)
[ vista simple ]
| 000 -LÍDER | |
|---|---|
| Campo fijo de descripción fija | 00759nab a2200193 i 4500 |
| 001 - NÚMERO DE CONTROL | |
| Campo de control | 768714001 |
| 003 - IDENTIFICADOR DEL NÚMERO DE CONTROL | |
| Campo de control | CO-MdFUSB |
| 005 - FECHA Y HORA DE LA ULTIMA TRANSACCIÓN | |
| control field | 20240826103053.0 |
| 008 - ELEMENTOS DE LONGITUD FIJA -- INFORMACIÓN GENERAL | |
| Campo fijo de descripción fija -- Información general | 220913s1995 ck ||||| |||| 00| 0 spa d |
| 040 ## - FUENTE DE CATALOGACIÓN | |
| Idioma de catalogación | spa |
| Agencia que realiza la transcripción | CO-MdFUSB |
| Agencia que realiza la modificación | CO-MdFUSB |
| 041 ## - CÓDIGO DE IDIOMA | |
| Código de idioma para texto/pista de sonido o título separado | spa |
| 110 ## - ASIENTO PRINCIPAL--NOMBRE CORPORATIVO | |
| Nombre corporativo o de jurisdicción como elemento de entrada | Centro Antropologico Colombiano ETHNIA |
| 245 14 - TÍTULO | |
| Título | Los indios Witoto : |
| Subtitulo | su lengua |
| Mención de responsabilidad | / Centro Antropologico Colombiano ETHNIA |
| 520 ## - NOTA DE RESUMEN, ETC. | |
| Nota de sumario, etc. | Los indios Witoto su lengua -- Reseña histórica / Emelias Medina -- Fonética witoto / Juan Manuel Serna |
| 650 #7 - ASIENTO SECUNDARIO DE MATERIA - TERMINO TEMÁTICO | |
| 9 (RLIN) | 6714 |
| Término temático o nombre geográfico como elemento de entrada | Antropología cultural y social |
| 773 0# - ASIENTO DE ITEM FUENTE | |
| Biblionumber | 49438 |
| Itemnumber | 81265 |
| Lugar, editorial y fecha de publicación | Centro Antropológico Colombiano |
| Otro identificador del ítem | R1685 |
| Título | Ethnia |
| Número de control del registro | (CO-MdFUSB)768714001 |
| Parte(s) relacionada(s) / Volumen., número. (mes año), páginas | Volumen 75, (mayo, 1995) páginas: 5 - 74 |
| Enumeración y primera página | página: 5 |
| 942 ## - TIPO DE MATERIAL (KOHA) | |
| Tipo de Item KOHA | Artículos de Revista |
| 945 ## - INFORMACIÓN LOCAL DEL REGISTRO | |
| Catalogador | AF |
No hay ítems disponibles.
